Agricultural ecology

Đã lưu trong:
Bibliografiske detaljer
Hovedforfatter: George W Cox
Format: Bog
Sprog:Undetermined
Udgivet: San Francisco W.H.Freeman and Company 1979
Fag:
Tags: Tilføj Tag
Ingen Tags, Vær først til at tagge denne postø!
Thư viện lưu trữ: Trung tâm Học liệu Trường Đại học Cần Thơ
LEADER 00509nam a2200181Ia 4500
001 CTU_30068
008 210402s9999 xx 000 0 und d
082 |a 630 
082 |b C877 
100 |a George W Cox 
245 0 |a Agricultural ecology 
245 0 |c George W Cox, Michael D Atkins 
260 |a San Francisco 
260 |b W.H.Freeman and Company 
260 |c 1979 
650 |a agricultural ecology,agriculture 
904 |i Liên, 990226 
980 |a Trung tâm Học liệu Trường Đại học Cần Thơ